Short "IA" Countries - Statistics

General Stats
  • This quiz has been taken 10 times
  • The average score is 6 of 7
Answer Stats
Hint Country % Correct
5 Letter India
100%
6 Letter Latvia
100%
6 Letter Gambia
89%
6 Letter Serbia
89%
6 Letter Zambia
89%
6 Letter Russia
78%
5 Letter Syria
67%
No matching quizzes found
Score Distribution
Percent of People with Each Score
Percentile by Number Answered
Your Score History
You have not taken this quiz